00824nac a22002171u 4500010001600000035001900016082001500035090001500050100003400065245010600099260006200205300003100267440003200298500007300330500002600403511002600429650001600455942001700471999001500488952010300503 a 48011214 a(OCoLC)1437744 a621.9bHAI c5400d5400 aHaines, Ray Edward. 00aMetalworking,ba handbook of tools, materials, methods and directions,cby Ray E. Haines and [others] aNew York,bD. Van Nostrand Co.[1948, 1945]c[1948, c1945] avi, 153 p.billus.c22 cm. 4aThe Home mechanic's library aReprinted from the Home mechanic's handbook originally pub. in 1945. adistributer: Al-Ahram acatalogued by: wessam 0aMetal-work. cBBk621.9HAI c5400d5400 00104070aMAINbMAINc1STd2007-10-25ePurchasel0o621.9HAIp000006704r2025-07-15 00:00:00yBB